แสดงรายละเอียดบรรณานุกรม
  กลับหน้าหลัก

Brief Record : Get Marc (ISO 2709) : E-mail record : QR code ปิดหน้าต่าง
LEADER 00000nama 2200000uu 4500
008    040531s|||| th m m a000 0 tha d
041    tha
050    วจ WG 300 อ823พ 2552.
100    อุทัยวรรณ สุกิมานิล.
260    นครพนม วิทยาลัยพยาบาลบรมราชชนนี นครพนม. 2552.
300    153 หน้า.
600    1.สุชาดา คงธนชโย 2.ดวงใจ บุญคง 3.วิทยาลัยพยาบาลบรมราชชนนี นครพนม.
650    1.โรคหลอดเลือดหัวใจ. 2.วิจัย - - โรคหลอดเลือดหัวใจ
995    004
รายการนี้ยังไม่มีแท็ก
คุณยังไม่ได้ล็อกอิน คุณสามารถมีกิจกรรมร่วมกับเว็บไซต์ได้ แต่ต้องล็อกอินก่อน ::
  ล็อกอิน
ลำดับที่ ประเภท เลขเรียก สถานที่ สถานะ
1. หนังสือทั่วไป
หนังสือทั่วไป
วจ WG 300 อ823พ 2552.  
  
หนังสือทั่วไป On Shelf
  ขอยืม
   [แสดง 1/1 รายการ]

BibComment


ยังไม่เคยถูกคอมเมนท์

คอมเมนท์ทรัพยากรรายการนี้
  คอมเมนท์:
Bib 201191

 
 
 

 Union Library Management : ULibM
Copyright 2026. All Rights Reserved.
скачать бесплатно без регистрации порно красивый секс HD Sex Hindi sex

xxx gou

xxxx

bfxxx

xxxwww

Секса Видео

xxxx

Секса Видео

detube

geilexxx

C99 Shell

worms shell

blod xxx video
Ebony Coed Rihanna Rimes Takes A Dick In Her Young Twat priyaa indian fuck anal and pusssy hardcore indian women xxx desi hardcore fucking part 1 bengalixxxcouple